• 首页
  • 本馆介绍
  • 公告通知
  • 最新文献
  • 馆藏检索
  • 电子资源
  • 读者导购
  • 参考咨询
  • 我的图书馆
  • 登录
  • 详细信息显示
  • 放入我的书架
  • 预约/预借图书
  • 作者相关作品
  • 分类相关作品
  • 丛书相关作品
  • 出版社相关作品

书目信息

  • 表格格式
  • 工作单格式
  • 卡片格式
题名:
专业会计纲要
    
 
作者: ;四川省会计专业职务考试必读编写组 编
分册: 下  
出版信息: 成都   西南财经大学出版社  1987
页数: 277页
开本: 19cm
丛书名: 会计专业职务考试必读
单 册:
中图分类: F23
科图分类:
主题词: 会计--考核--自学参考资料 , 预算会计 , 交通运输业-会计 , 会计-交通运输业 , 基本建设会计 , 会计
电子资源:
ISBN: 7-81017-036-8
000 00957nam2 2200313 45
001 0187018206
005 20040425141610.2
010    @a7-81017-036-8@dCNY1.50
100    @a19951116d1987 em y0chiy0121 ea
101 0  @achi
102    @aCN@b510000
105    @ay z 000yy
106    @ar
200 10 @a专业会计纲要@h下@Azuang ye kuai ji gang yao@f四川省《会计专业职务考试必读》编写组编
210    @a成都@c西南财经大学出版社@d1987
215    @a277页@d19cm
225 2  @a会计专业职务考试必读@v2
410  0 @120010@a会计专业职务考试必读
606    @a会计@x考核@x自学参考资料
606    @a预算会计
606    @a交通运输业-会计
606    @a会计-交通运输业
606    @a基本建设会计
606 0  @a会计
690    @aF23
711 02 @a四川省会计专业职务考试必读编写组@4编@Asi chuan sheng kuai ji zhuan ye zhi wu kao shi bi dou bian xie zu
801  0 @aCN@b深圳图书馆@c20040425
801  2 @aCN@bNLC@c20040425
905    @f1@b255225@dF23@e102:2
    
    专业会计纲要.下/四川省《会计专业职务考试必读》编写组编.-成都:西南财经大学出版社,1987
    277页;19cm.-(会计专业职务考试必读;2)
    
    
    ISBN 7-81017-036-8:CNY1.50
    
●
相关链接 在E读中查询图书 在五车中查询图书 在当当中查询图书 在豆瓣中查询图书


正题名:专业会计纲要     索取号:F23/102:2         预约/预借

序号 登录号 条形码 馆藏地/架位号 状态 备注
1 0255224   000206253   第一样本阅览室/ [索取号:F23/102:2] 在馆    
2 0255225   000206299   第一借阅区/ [索取号:F23/102:2] 在馆    
唐山师范学院图书馆 欢迎您!
大连网信软件有限公司© 版权所有